01416nam a2200349 a 4500001001000000003000500010005001700015008004100032010001100073011001100084040000900095090001000104100004900114245015600163260003700319500006000356502009200416590004100508590004000549590004000589590004000629650004500669650004000714650003300754650003600787856007000823901000700893942001000900942000600910999001900916952013100935000114949CHAP20220329144505.0180816s2018 mx a |sm |||||||spa d a111410 a112382 cCHAP aTesis1 aGallegos Castañón, Cuauhtémoc.913534310aDiagnóstico del estatus zoo sanitario de tuberculosis y bruselosis en el hato bovino del CSAEGROh[En línea]cpor Cuauhtémoc Gallegos Castañon. aCocula, Gro. :bEl autor,c2018. aPara ver el contenido del material haga clic en la liga aTesis (Ing. Agr. Zootecnista) -- Colegio de EstudiosAgropecuario del Estado de Guerrero aBATCH-UPDb05c20180816lUCH01h1342 aE6339RRRb05c20180816lUCH01h1342 aE6339RRRb05c20180816lUCH01h1407 aE6339RRRb05c20180816lUCH01h141014aBrucelosis bovinaxPrevención.913351214aGanado vacunoxEnfermedades.94546014aGanado vacunoxRazas.94550914aTuberculosis en ganado.9115475 aFinding aiduhttp://10.13.5.2/tesis/sist114949.pdfzTeclea aquí aBK cTESIS n0 c111410d111410 00104054718TESISaBCbBCd2018-08-16fTESISl0oTesisp114960-10r2019-12-31 00:00:00w2019-12-31yTESISzRecien adquirido